A bibliographical monograph on plant genetics (Genic analysis) 1900 - 1929
Spremljeno u:
| Glavni autor: | |
|---|---|
| Format: | Knjiga |
| Jezik: | Undetermined |
| Izdano: |
Sapporo (Japan)
Hokkaido Imperial University
1933
|
| Teme: | |
| Oznake: |
Dodaj oznaku
Bez oznaka, Budi prvi tko označuje ovaj zapis!
|
| Thư viện lưu trữ: | Trung tâm Học liệu Trường Đại học Cần Thơ |
|---|
| LEADER | 00574nam a2200181Ia 4500 | ||
|---|---|---|---|
| 001 | CTU_168048 | ||
| 008 | 210402s9999 xx 000 0 und d | ||
| 082 | |a 631.5 | ||
| 082 | |b M434 | ||
| 100 | |a Matsuura, Hajime | ||
| 245 | 2 | |a A bibliographical monograph on plant genetics (Genic analysis) 1900 - 1929 | |
| 245 | 0 | |c Hajime Matsuura | |
| 260 | |a Sapporo (Japan) | ||
| 260 | |b Hokkaido Imperial University | ||
| 260 | |c 1933 | ||
| 650 | |a Plant genetics,Di truyền học cây trồng | ||
| 910 | |a Nguyên | ||
| 980 | |a Trung tâm Học liệu Trường Đại học Cần Thơ | ||